书目信息 |
| 题名: |
寻找新药中的组合化学
|
|
| 作者: | 刘刚 , 萧晓毅 著 | |
| 分册: | ||
| 出版信息: | 北京 科学出版社 2003 |
|
| 页数: | 469页 | |
| 开本: | 26cm | |
| 丛书名: | 21世纪科学版化学专著系列 | |
| 单 册: | ||
| 中图分类: | R914.5 | |
| 科图分类: | ||
| 主题词: | 药物化学--有机合成 , 有机合成 , 药物化学 | |
| 电子资源: | ||
| ISBN: | 7-03-011230-X | |
| 000 | 01043nam0 2200301 450 | |
| 000 | 01050nam0 2200301 450 | |
| 000 | 00981nam0 2200277 450 | |
| 000 | 00945nam0 2200265 45 | |
| 005 | 20070525133412.43 | |
| 010 | @a7-03-011230-X@b(精装)@dCNY60.00 | |
| 100 | @a20070411d2003 em y0chiy0120 ea | |
| 101 | 0 | @achi |
| 102 | @aCN@b110000 | |
| 105 | @ay z 000yy | |
| 200 | 1 | @a寻找新药中的组合化学@AXun Zhao Xin Yao Zhong De Zu He Hua Xue@f刘刚,萧晓毅等著@FLiu Gang, Xiao Xiao Yi Deng Zhu |
| 210 | @a北京@c科学出版社@d2003 | |
| 215 | @a469页@d26cm | |
| 225 | 2 | @a21世纪科学版化学专著系列 |
| 330 | @a本书分为十七章,介绍了组合化学在及优化药物先导化合物中的最新应用进展,内容包括小分子化合物合成中的一些关键内容的例子等内容。 | |
| 410 | 0 | @12001 @a21世纪科学版化学专著系列 |
| 606 | 0 | @a药物化学@x有机合成 |
| 606 | 0 | @a有机合成 |
| 606 | 0 | @a药物化学 |
| 690 | @aR914.5@v4 | |
| 701 | 0 | @a刘刚@ALiu Gang@c(化学)@4著 |
| 701 | 0 | @a萧晓毅@AXiao Xiao Yi@c(化学)@4著 |
| 801 | 0 | @aCN@bTAOJIN@c20070525 |
| 905 | @a10447@dR914.5@e50 | |
| 寻找新药中的组合化学/刘刚,萧晓毅等著.-北京:科学出版社,2003 |
| 469页;26cm.-(21世纪科学版化学专著系列) |
| ISBN 7-03-011230-X((精装)):CNY60.00 |
| 本书分为十七章,介绍了组合化学在及优化药物先导化合物中的最新应用进展,内容包括小分子化合物合成中的一些关键内容的例子等内容。 |
| ● |
| 相关链接 |
|
|
|
|
正题名:寻找新药中的组合化学
索取号:R914.5/50
 
预约/预借
| 序号 | 登录号 | 条形码 | 馆藏地/架位号 | 状态 | 备注 |
| 1 | 0522641 | 205226414 | 第二样本阅览室/ [索取号:R914.5/50] | 在馆 | |
| 2 | 0522642 | 205226423 | 教育系资料室/ [索取号:R914.5/50] | 在馆 | |
| 3 | 0522643 | 205226432 | 教育系资料室/ [索取号:R914.5/50] | 在馆 | |
| 4 | 0522644 | 205226441 | 第三借阅区/ [索取号:R914.5/50] | 在馆 | |
| 5 | 0522645 | 205226450 | 第三借阅区/ [索取号:R914.5/50] | 在馆 |